Traité de la possession d'après (Record no. 164849)
[ view plain ]
| 000 -LEADER | |
|---|---|
| campo de control de longitud fija | 00816nam a2200217 i 4500 |
| 001 - NÚMERO DE CONTROL | |
| campo de control | 164849 |
| 003 - IDENTIFICADOR DE NÚMERO DE CONTROL | |
| campo de control | ES-MaACL |
| 005 - FECHA Y HORA DE LA ÚLTIMA TRANSACCIÓN | |
| campo de control | 20250704063122.0 |
| 008 - DATOS DE LONGITUD FIJA--INFORMACIÓN GENERAL | |
| campo de control de longitud fija | 950228s1840 be |||| | fre d |
| 040 ## - FUENTE DE CATALOGACIÓN | |
| Centro catalogador/agencia de origen | EUS |
| Lengua de catalogación | spa |
| Centro/agencia transcriptor | EUS |
| 100 1# - ENTRADA PRINCIPAL--NOMBRE DE PERSONA | |
| Nombre de persona | Savigny, Friedrich Carl von, |
| Fechas asociadas al nombre | 1779-1861 |
| 9 (RLIN) | 104070 |
| 245 10 - MENCIÓN DEL TÍTULO | |
| Título | Traité de la possession d'après |
| Resto del título | ; Les principes du droit romain / |
| Mención de responsabilidad, etc. | par Fr.-Ch. de Savigny ; traduit de l'allemand... par Jules Beving. |
| 260 ## - PUBLICACIÓN, DISTRIBUCIÓN, ETC. | |
| Lugar de publicación, distribución, etc. | Bruxelles : |
| Nombre del editor, distribuidor, etc. | Société Belge de Librairie, |
| Fecha de publicación, distribución, etc. | 1840. |
| 300 ## - DESCRIPCIÓN FÍSICA | |
| Extensión | 460 p. ; |
| Dimensiones | 23 cm. |
| 650 04 - PUNTO DE ACCESO ADICIONAL DE MATERIA--TÉRMINO DE MATERIA | |
| Término de materia o nombre geográfico como elemento de entrada | Posesión (Derecho) |
| 9 (RLIN) | 16323 |
| 700 1# - ENTRADA AGREGADA--NOMBRE PERSONAL | |
| Nombre de persona | Beving, Jules. |
| 9 (RLIN) | 125980 |
| 852 ## - LOCALIZACIÓN | |
| Ubicación | ES-MaACL |
| Número de control de estantería | C-3614 |
| Nota libre | -- Enc. hol. |
| Encuadernación | -- Edic.: Son 463 p. |
| 852 ## - LOCALIZACIÓN | |
| Ubicación | ES-MaACL |
| Número de control de estantería | B-5488 |
| Nota libre | -- Enc. hol. |
| Encuadernación | -- Son 463 p. |
| Estatus retirado | Estado de pérdida | Estado de daño | No para préstamo | Colección | Biblioteca de origen | Biblioteca actual | Ubicación en estantería | Fecha de adquisición | Fuente de adquisición | Total de préstamos | Signatura topográfica completa | Código de barras | Visto por última vez | Precio de reemplazo | Tipo de ítem Koha |
|---|---|---|---|---|---|---|---|---|---|---|---|---|---|---|---|
| Libros del s. XIX | Biblioteca del Ateneo de Madrid | Biblioteca del Ateneo de Madrid | Sala Pardo Bazán | 17/01/2008 | B-5488 | 1172810 | 23/02/2023 | 23/02/2023 | Libro impreso antiguo | ||||||
| Libros del s. XIX | Biblioteca del Ateneo de Madrid | Biblioteca del Ateneo de Madrid | Sala Palomar | 17/01/2008 | C-3614 | 1172809 | 23/02/2023 | 23/02/2023 | Libro impreso antiguo |
